000 00630nam a2200229Ia 4500
003 OSt
005 20220928144914.0
006 a|||||r|||| 00| 0
007 ta
008 220927b |||||||| |||| 00| 0 eng d
024 _a76866
037 _cTextual
040 _aSDCL
_cSDCL
_beng
041 _2eng
_aeng
082 _aG:66, L6
100 _aDe Issekutz Wolsky Maria
_9510312
245 0 _aMechanism of evolution
_b A new look at old ideas.
260 _c1976
700 _a Wolsky Alexander
_9510313
942 _hG:66, L6
_cTEXL
_2CC
999 _c830383
_d830383